Einführung in die Fertigungstechnik /

Salvato in:
Dettagli Bibliografici
Autori principali: Warnecke, Hans-Jürgen (Autore), Svejda, Pavel (Autore)
Natura: Libro
Lingua:tedesco
Pubblicazione: Stuttgart : BSB Teubner, 1993
Edizione:2. Auflage
Tags: Aggiungi Tag
Nessun Tag, puoi essere il primo ad aggiungerne!!

MARC

LEADER 00000nam a22000003a 4500
001 stu31694
005 20150617225736.7
008 940322s1993----gw------------------ger-d
020 |a 3-519-16323-3 
040 |a STU  |b slo 
041 0 |a ger 
044 |a gw 
080 |a 621.03  |7 stu_us_auth*stu3141 
100 1 |a Warnecke, Hans-Jürgen  |4 aut 
245 1 |a Einführung in die Fertigungstechnik /  |c [aut.] Warnecke,Hans-Jürgen; Svejda,Pavel 
250 |a 2. Auflage 
260 |a Stuttgart :  |b BSB Teubner,  |c 1993 
300 |a 253 s 
700 1 |a Svejda, Pavel  |4 aut 
996 |b J90577  |c J*90577  |l JJST  |s P  |a 0  |w stu31694_0001